[Event "4NCL-9899B IK2-COU"]
[Site "Rd5-Birmingham"]
[Date "1999.01.23"]
[Round "5.8"]
[White "Turvey, Syringa"]
[Black "Stille, Alex"]
[Result "0-1"]
[WhiteElo "1568"]
[BlackElo "1872"]
[PlyCount "72"]
[EventDate "1999.01.23"]

1. e4 d5 2. exd5 Qxd5 3. Nc3 Qa5 4. g3 Nf6 5. Bg2 c6 6. Nge2 Bf5 7. O-O e6 8.
d4 Be7 9. Bd2 Qd8 10. Na4 Nbd7 11. c4 Ne4 12. Be3 Ndf6 13. f3 Nd6 14. b3 O-O
15. Nac3 b5 16. c5 Nde8 17. g4 Bg6 18. Nf4 Nc7 19. Nxg6 hxg6 20. Ne4 Ncd5 21.
Bd2 e5 22. Nxf6+ Bxf6 23. dxe5 Bxe5 24. Rc1 Qc7 25. f4 Nxf4 26. Bxc6 Bd4+ 27.
Kh1 Qxc6+ 28. Qf3 Qxf3+ 29. Rxf3 Ne6 30. c6 Bb2 31. Rc2 Nd4 32. Bb4 Rfe8 33.
Rfc3 Bxc3 34. Rxc3 Re1+ 35. Kg2 Re2+ 36. Kf1 Rc2 0-1

[Event "4NCL-9899B SL2-NID"]
[Site "Rd5-Birmingham"]
[Date "1999.01.23"]
[Round "5.1"]
[White "Houska, Jovanka"]
[Black "Williams, Leighton"]
[Result "1-0"]
[WhiteElo "2286"]
[BlackElo "2285"]
[PlyCount "81"]
[EventDate "1999.01.23"]

1. e4 c5 2. Nc3 Nc6 3. Bb5 Nd4 4. Bc4 Rb8 5. Nge2 b5 6. Nxd4 bxc4 7. Nf3 g6 8.
Qe2 Ba6 9. O-O Bg7 10. Re1 Nh6 11. b3 O-O 12. Bb2 f5 13. Na4 Bxb2 14. Nxb2 fxe4
15. Qxe4 Bb7 16. Qxc4+ e6 17. Qh4 Bxf3 18. Qxh6 Bd5 19. Nd3 Rf5 20. Qe3 Qf6 21.
Nxc5 Qe7 22. Ne4 Rbf8 23. Re2 Qh4 24. Qg3 Qh5 25. Qe3 Qg4 26. Rf1 Rf4 27. d3
Ba8 28. f3 Qh5 29. Ref2 Qe5 30. Qxa7 d5 31. Qc5 Qb8 32. Ng3 h5 33. Ne2 R4f6 34.
c4 dxc4 35. dxc4 Rf5 36. Qe3 e5 37. Nc3 Rd8 38. Rd2 Rxd2 39. Qxd2 e4 40. fxe4
Qb6+ 41. Rf2 1-0

[Event "4NCL-9899B SL2-NID"]
[Site "Rd5-Birmingham"]
[Date "1999.01.23"]
[Round "5.2"]
[White "Fish, Andrew"]
[Black "Smith, Andrew P"]
[Result "0-1"]
[WhiteElo "2115"]
[BlackElo "2290"]
[PlyCount "40"]
[EventDate "1999.01.23"]

1. e4 e5 2. Nf3 d6 3. d4 Nd7 4. Nc3 c6 5. Be2 h6 6. O-O Ne7 7. Re1 g5 8. dxe5
dxe5 9. Bc4 Ng6 10. Be3 Qf6 11. Nd2 Bd6 12. Nf1 Bc7 13. Qd2 Ndf8 14. Rad1 Nf4
15. Bc5 N8g6 16. Nb5 Bb8 17. Ne3 Nh4 18. Nd6+ Bxd6 19. Bxd6 Nfxg2 20. Qc3 Nxe1
0-1

[Event "4NCL-9899B SL2-NID"]
[Site "Rd5-Birmingham"]
[Date "1999.01.23"]
[Round "5.3"]
[White "Richmond, Robert"]
[Black "Musson, Adam"]
[Result "1-0"]
[WhiteElo "2112"]
[BlackElo "2085"]
[PlyCount "37"]
[EventDate "1999.01.23"]

1. d4 d5 2. c4 e6 3. Nc3 c6 4. cxd5 exd5 5. Nf3 Bf5 6. g3 Bd6 7. Bg2 Nd7 8. O-O
Ngf6 9. Re1 Ne4 10. Nh4 Qf6 11. Bxe4 Bxe4 12. f3 g5 13. fxe4 gxh4 14. e5 Nxe5
15. dxe5 Bxe5 16. e4 O-O-O 17. Qg4+ Kc7 18. Bg5 Qg6 19. Bxd8+ 1-0

[Event "4NCL-9899B SL2-NID"]
[Site "Rd5-Birmingham"]
[Date "1999.01.23"]
[Round "5.4"]
[White "Fokkink, Won"]
[Black "De Coverly, Roger"]
[Result "1/2-1/2"]
[WhiteElo "2110"]
[BlackElo "2110"]
[PlyCount "105"]
[EventDate "1999.01.23"]

1. e4 e5 2. Nc3 Nc6 3. Nf3 Be7 4. d4 d6 5. Bb5 exd4 6. Nxd4 Bd7 7. Bxc6 bxc6 8.
O-O Nf6 9. f4 O-O 10. Kh1 c5 11. Nf3 Bc6 12. Qe1 Rb8 13. b3 Re8 14. Bb2 Bf8 15.
e5 Rb4 16. Qg3 Nh5 17. Qg4 g6 18. Ne2 Bd7 19. Qg5 Qxg5 20. Nxg5 h6 21. a3 Rbb8
22. Nf3 c4 23. b4 a5 24. Bc3 axb4 25. axb4 dxe5 26. Nxe5 Bf5 27. Nd4 Bxb4 28.
Bxb4 Rxb4 29. Nxf5 gxf5 30. g3 f6 31. Nc6 Rb2 32. Rf2 Ng7 33. Ra4 Re4 34. Na5
c3 35. Ra3 Rb5 36. Nb3 Ne6 37. Kg2 Kf7 38. Ra6 Nc5 39. Nxc5 Rxc5 40. Kf3 Re6
41. Rxe6 Kxe6 42. Re2+ Kd7 43. Re3 Rc6 44. Rd3+ Ke7 {(Draw offer)} 45. Ke3 Re6+
46. Kf3 Rc6 47. Ke3 Re6+ 48. Kd4 Re2 49. Rxc3 Kd6 50. h4 c5+ 51. Kd3 Rg2 52.
Kc4 Kc6 53. Kb3 1/2-1/2

[Event "4NCL-9899B SL2-NID"]
[Site "Rd5-Birmingham"]
[Date "1999.01.23"]
[Round "5.5"]
[White "Mashayekh, Majid"]
[Black "Jones, Richard S"]
[Result "1/2-1/2"]
[WhiteElo "2065"]
[BlackElo "2025"]
[PlyCount "96"]
[EventDate "1999.01.23"]

1. c4 Nf6 2. Nc3 g6 3. g3 Bg7 4. Bg2 O-O 5. e4 e5 6. Nge2 d6 7. O-O c6 8. d4
Nbd7 9. b3 Qa5 10. Bb2 Re8 11. d5 cxd5 12. Nxd5 Nxd5 13. cxd5 b5 14. a3 Qd8 15.
Nc3 Rb8 16. b4 a6 17. Qe2 Nb6 18. a4 Nxa4 19. Nxa4 bxa4 20. Rfc1 Bd7 21. Qxa6
Bh6 22. Rc2 Bb5 23. Qa5 Rb7 24. Bf1 Qb8 25. Bxb5 Rxb5 26. Qxa4 Rxb4 27. Qc6 Rd8
28. Ba3 Rxe4 29. Rb2 Qa8 30. Qc7 Rc8 31. Qd7 Rec4 32. Rb7 Rf8 33. Bb2 Qc8 34.
Ra6 Qxd7 35. Rxd7 {(Draw offer)} Rc2 36. Ba3 Be3 37. Bxd6 Bxf2+ 38. Kf1 Rfc8
39. Rc6 Bd4 40. Rxc8+ Rxc8 41. Bc7 Re8 42. Bd8 Bc5 43. Bf6 e4 44. Ke2 Ra8 45.
d6 e3 46. Kf3 h5 47. h3 Re8 48. Ke2 Ra8 1/2-1/2

[Event "4NCL-9899B SL2-NID"]
[Site "Rd5-Birmingham"]
[Date "1999.01.23"]
[Round "5.6"]
[White "Sinnett, Glyn"]
[Black "Crichton, Martin"]
[Result "1-0"]
[WhiteElo "1865"]
[BlackElo "2030"]
[PlyCount "79"]
[EventDate "1999.01.23"]

1. d4 Nf6 2. c4 g6 3. Nc3 Bg7 4. e4 d6 5. Nge2 O-O 6. Ng3 e5 7. d5 Nbd7 8. Be2
a5 9. h4 h5 10. Bg5 Qe8 11. Nb5 Qd8 12. Rc1 b6 13. Qd2 Ba6 14. Nc3 Nc5 15. f3
Kh7 16. Nf1 Ncd7 17. g4 hxg4 18. fxg4 Rh8 19. Ng3 Nc5 20. h5 Qd7 21. h6 Nxg4
22. hxg7+ Kxg7 23. Rf1 Rh3 24. Nf5+ gxf5 25. Bxg4 fxg4 26. Bf6+ Kh7 27. Qg2
Nd3+ 28. Kd2 Nxc1 29. Rh1 Rg8 30. Kxc1 Rg6 31. Rf1 Qe8 32. Nd1 Qf8 33. Kb1 Bxc4
34. Rf5 Qh6 35. Bd8 Rg7 36. a3 Rh2 37. Qg3 Rh3 38. Qg2 Bd3+ 39. Ka2 Rf3 40. Nf2
{Both scoresheets illegible ... 43 moves} 1-0

[Event "4NCL-9899B SL2-NID"]
[Site "Rd5-Birmingham"]
[Date "1999.01.23"]
[Round "5.7"]
[White "Ghasi, Ameet"]
[Black "Griffiths, Noel"]
[Result "1-0"]
[WhiteElo "1848"]
[BlackElo "1850"]
[PlyCount "73"]
[EventDate "1999.01.23"]

1. Nf3 d5 2. d4 Nf6 3. Bg5 e6 4. e3 Be7 5. Bd3 O-O 6. Nbd2 Nbd7 7. O-O c5 8. c3
c4 9. Bc2 b5 10. e4 dxe4 11. Nxe4 Bb7 12. Nxf6+ Bxf6 13. Bf4 g6 14. Re1 Bg7 15.
Qe2 Bd5 16. Bg3 a5 17. a4 Qb6 18. axb5 Qxb5 19. Ba4 Qb7 20. Ra3 Ra7 21. Rea1
Rfa8 22. h3 Ra6 23. Bxd7 Qxd7 24. Ne5 Qb7 25. f3 Qb5 26. b3 Bxe5 27. Bxe5 Qc6
28. bxc4 Bxc4 29. Qd2 Qe8 30. Qg5 Qd8 31. Bf6 Qf8 32. Rxa5 Rxa5 33. Rxa5 Rb8
34. Rc5 Rb1+ 35. Kh2 Be2 36. Be5 f5 37. Rc7 1-0

[Event "4NCL-9899B SL2-NID"]
[Site "Rd5-Birmingham"]
[Date "1999.01.23"]
[Round "5.8"]
[White "Powell, Annie"]
[Black "Laurence, Adrian"]
[Result "1-0"]
[WhiteElo "1730"]
[BlackElo "1752"]
[PlyCount "67"]
[EventDate "1999.01.23"]

1. e4 d5 2. exd5 Nf6 3. Nc3 Nxd5 4. Bc4 Nxc3 5. Qf3 e6 6. Qxc3 Nc6 7. Nf3 Qd6
8. a3 b6 9. O-O Bb7 10. d4 O-O-O 11. Be3 Be7 12. Rad1 Bf6 13. Qd3 h6 14. Ba6 g5
15. Bxb7+ Kxb7 16. Qe4 Bg7 17. c3 f5 18. Qc2 Bf6 19. Rfe1 g4 20. Ne5 Rh7 21.
Bf4 Bxe5 22. Bxe5 Qd7 23. Rd2 h5 24. Bf6 Rf8 25. Bh4 Rhf7 26. Rde2 Re8 27. Qb3
Na5 28. Qa2 Qb5 29. Rxe6 Rxe6 30. Qxe6 Qc4 31. d5 Rf8 32. Qe7 Qc5 33. b4 Qxe7
34. Bxe7 1-0

[Event "4NCL-9899B SWD-WR"]
[Site "Rd5-Birmingham"]
[Date "1999.01.23"]
[Round "5.1"]
[White "Cobb, James"]
[Black "Dearing, Eddie"]
[Result "0-1"]
[WhiteElo "2287"]
[BlackElo "2281"]
[PlyCount "114"]
[EventDate "1999.01.23"]

1. Nf3 d5 2. c4 c6 3. d4 Nf6 4. Nc3 dxc4 5. a4 Bf5 6. Ne5 Nbd7 7. Nxc4 Qc7 8.
g3 e5 9. dxe5 Nxe5 10. Bf4 Nfd7 11. Bg2 f6 12. O-O Nc5 13. e4 Bg6 14. Nxe5 fxe5
15. Be3 Ne6 16. Qg4 Bf7 17. f4 Bd6 18. Rac1 Qe7 19. f5 h5 20. Qf3 Nd4 21. Qf2
Bc5 22. a5 Bc4 23. Rfe1 Nb3 24. Rcd1 Bxe3 25. Qxe3 Nxa5 26. Bh3 O-O 27. Qf3 Bf7
28. g4 Nb3 29. Kh1 Nd4 30. Qg3 h4 31. Qf2 Rad8 32. Rg1 Qg5 33. Rdf1 Bc4 34. Ra1
a6 35. Nd1 Nb3 36. Ra4 Rd2 37. Qe3 Qxe3 38. Nxe3 Bb5 39. Ra3 Nc5 40. Bg2 Rxb2
41. g5 Bd3 42. Rc1 h3 43. Bxh3 Bxe4+ 44. Kg1 Nd3 45. Rf1 Nf4 46. Bg4 Rd8 47.
Rf2 Rxf2 48. Kxf2 Rd2+ 49. Kg3 Nd5 50. g6 Kf8 51. h4 Nxe3 52. Rxe3 Rd3 53. Rxd3
Bxd3 54. h5 Ke7 55. Kh4 Kf6 56. h6 gxh6 57. Kh5 Kg7 0-1

[Event "4NCL-9899B SWD-WR"]
[Site "Rd5-Birmingham"]
[Date "1999.01.23"]
[Round "5.2"]
[White "Dunnington, Angus"]
[Black "Morris, Charles"]
[Result "1-0"]
[WhiteElo "2353"]
[BlackElo "2236"]
[PlyCount "63"]
[EventDate "1999.01.23"]

1. Nf3 d5 2. c4 c6 3. e3 Nf6 4. d4 Bg4 5. Qb3 Qb6 6. Ne5 e6 7. Nxg4 Nxg4 8. Nc3
Nd7 9. Be2 Ngf6 10. O-O Be7 11. Qc2 O-O 12. b3 Rac8 13. Bb2 Ne8 14. e4 dxe4 15.
Nxe4 f5 16. Ng3 g6 17. Bf3 Bf6 18. Rfe1 c5 19. Rxe6 Qxe6 20. Bd5 Qxd5 21. cxd5
Nd6 22. dxc5 Rxc5 23. Qd2 f4 24. Nf1 Ne4 25. Qe2 f3 26. Qxe4 Bxb2 27. Rd1 fxg2
28. Ne3 Be5 29. Qg4 Rf7 30. Nc4 Bf4 31. Rd4 g5 32. Rxf4 1-0

[Event "4NCL-9899B SWD-WR"]
[Site "Rd5-Birmingham"]
[Date "1999.01.23"]
[Round "5.3"]
[White "Dineley, Richard"]
[Black "Potts, Alan"]
[Result "0-1"]
[WhiteElo "2265"]
[BlackElo "2270"]
[PlyCount "76"]
[EventDate "1999.01.23"]

1. e4 e6 2. d4 d5 3. Nd2 Nf6 4. e5 Nfd7 5. Bd3 c5 6. c3 Nc6 7. Ne2 f6 8. exf6
Qxf6 9. Nf3 Bd6 10. Bg5 Qf7 11. O-O e5 12. dxe5 Ndxe5 13. Nxe5 Nxe5 14. Bb5+
Bd7 15. Bxd7+ Nxd7 16. Ng3 O-O 17. Qd2 h6 18. Be3 Nf6 19. Rad1 b6 20. Bf4 Rad8
21. Bxd6 Rxd6 22. a3 Ng4 23. f3 Ne5 24. Rfe1 Nc4 25. Qc2 Re6 26. Nf1 Rfe8 27.
Rxe6 Qxe6 28. Kf2 d4 29. cxd4 cxd4 30. Rxd4 Qe1+ 31. Kg1 Qxf1+ 32. Kxf1 Ne3+
33. Kf2 Nxc2 34. Rd7 a5 35. Rd6 b5 36. Rd5 Rb8 37. Ke2 Kf7 38. Kd2 Ke6 {time}
0-1

[Event "4NCL-9899B SWD-WR"]
[Site "Rd5-Birmingham"]
[Date "1999.01.23"]
[Round "5.4"]
[White "Gayson, Peter"]
[Black "Zeidler, Sven"]
[Result "1/2-1/2"]
[WhiteElo "2250"]
[BlackElo "2222"]
[PlyCount "103"]
[EventDate "1999.01.23"]

1. e4 d5 2. exd5 Qxd5 3. Nc3 Qa5 4. d4 Nf6 5. Be2 Nc6 6. Nf3 Bg4 7. h3 Bh5 8.
Bb5 O-O-O 9. Bxc6 bxc6 10. Qd3 c5 11. O-O Bxf3 12. Qxf3 cxd4 13. Rd1 e5 14. Bg5
Be7 15. Qf5+ Kb8 16. b4 g6 17. Qf3 Qa6 18. Ne4 Nxe4 19. Bxe7 Rd7 20. Qxe4 Rxe7
21. Rxd4 f5 22. Qh4 Qe6 23. Rd3 e4 24. Ra3 Rd8 25. Qg5 Qe5 26. Re1 f4 27. Qg4
Red7 28. Ra5 Rd5 29. Qe2 f3 30. Rxd5 Qxd5 31. Qxe4 Qxe4 32. Rxe4 Rd1+ 33. Kh2
fxg2 34. Kxg2 Ra1 35. Re7 Rxa2 36. Rxh7 Rxc2 37. Rh6 Rc6 38. Kg3 Rb6 39. f4 Kb7
40. f5 gxf5 41. Rxb6+ cxb6 42. b5 a5 43. bxa6+ Ka7 44. Kf4 b5 45. Kxf5 Kxa6 46.
Ke4 Ka5 47. h4 Ka4 48. h5 b4 49. Kd3 Ka3 50. h6 b3 51. Kd2 b2 52. h7 1/2-1/2

[Event "4NCL-9899B SWD-WR"]
[Site "Rd5-Birmingham"]
[Date "1999.01.23"]
[Round "5.5"]
[White "Richmond, Peter"]
[Black "Burnett, James"]
[Result "1/2-1/2"]
[WhiteElo "2190"]
[BlackElo "2225"]
[PlyCount "92"]
[EventDate "1999.01.23"]

1. e4 d5 2. exd5 Qxd5 3. Nc3 Qa5 4. d4 Nf6 5. Nf3 Bg4 6. h3 Bxf3 7. Qxf3 c6 8.
Bd3 e6 9. O-O Be7 10. Bd2 Qb6 11. Ne2 O-O 12. c4 Nbd7 13. Bc3 Rfe8 14. Rfe1 Bb4
15. c5 Qa5 16. a3 Bxc3 17. Nxc3 e5 18. b4 Qc7 19. d5 cxd5 20. Nxd5 Nxd5 21.
Qxd5 Nf6 22. Qb3 Rad8 23. Bb5 Re7 24. Rad1 g6 25. Rxd8+ Qxd8 26. Rd1 Qc7 27.
Qd3 Kg7 28. Qd6 Ne4 29. Qxc7 Rxc7 30. Rd7 Rxd7 31. Bxd7 Nc3 32. a4 Nd5 33. b5
b6 34. Bc6 Nb4 35. Bf3 Kf8 36. c6 Ke7 37. g4 f6 38. Be4 Kd6 39. Kg2 Na2 40. h4
Nc3 41. Bc2 Nd5 42. Kg3 Nf4 43. g5 fxg5 44. hxg5 Ne6 45. Kg4 Nc5 46. Kg3 Ne6
1/2-1/2

[Event "4NCL-9899B SWD-WR"]
[Site "Rd5-Birmingham"]
[Date "1999.01.23"]
[Round "5.6"]
[White "White, Mark"]
[Black "Rayner, Francis"]
[Result "0-1"]
[WhiteElo "2167"]
[BlackElo "2213"]
[PlyCount "96"]
[EventDate "1999.01.23"]

1. e4 c5 2. d4 cxd4 3. c3 dxc3 4. Nxc3 Nc6 5. Nf3 e6 6. Bc4 a6 7. O-O Nge7 8.
Bg5 f6 9. Be3 b5 10. Bb3 Ng6 11. a3 Be7 12. Qe2 O-O 13. Rad1 Qc7 14. Nd5 exd5
15. exd5 Kh8 16. dxc6 dxc6 17. Rc1 Bg4 18. h3 Bxf3 19. Qxf3 Ne5 20. Qe4 f5 21.
Qc2 Rad8 22. f4 Nd3 23. Rcd1 Qd6 24. Bb6 c5 25. Bxd8 Rxd8 26. Qe2 Bf6 27. Kh1
c4 28. Bc2 Qd4 29. Rf3 Rf8 30. b3 Nxf4 31. Rxd4 Nxe2 32. Rd2 Nd4 33. Rg3 f4 34.
Rg4 Nxc2 35. Rxc2 cxb3 36. Rc1 b2 37. Rb1 g5 38. g3 Rc8 39. gxf4 Rc1+ 40. Rg1
Rxb1 41. Rxb1 gxf4 42. Kg2 a5 43. Kf3 a4 44. Kxf4 b4 45. Kf5 Bc3 46. Ke6 bxa3
47. Kf7 a2 48. Rg1 h6 0-1

[Event "4NCL-9899B SWD-WR"]
[Site "Rd5-Birmingham"]
[Date "1999.01.23"]
[Round "5.7"]
[White "James, David"]
[Black "Forbes, Cathy"]
[Result "1-0"]
[WhiteElo "2229"]
[BlackElo "2104"]
[PlyCount "52"]
[EventDate "1999.01.23"]

1. d4 d5 2. c4 c6 3. Nf3 Bf5 4. Nc3 e6 5. e3 Nf6 6. Be2 h6 7. Ne5 Nbd7 8. f4
Bb4 9. Qb3 Bxc3+ 10. bxc3 Nxe5 11. fxe5 Ne4 12. O-O Qb6 13. Qa3 a6 14. Rd1
O-O-O 15. Bd2 f6 16. Be1 fxe5 17. Rab1 Qa7 18. c5 exd4 19. cxd4 Rhe8 20. Rb6 e5
21. Bxa6 Rd7 22. Rdb1 Nxc5 23. Bxb7+ Rxb7 24. Qxc5 Rxb6 25. Rxb6 Bd7 26. Rxc6+
Bxc6 1-0

[Event "4NCL-9899B SWD-WR"]
[Site "Rd5-Birmingham"]
[Date "1999.01.23"]
[Round "5.8"]
[White "Jones, Gawain"]
[Black "Richmond, Jane"]
[Result "1-0"]
[WhiteElo "1856"]
[BlackElo "2175"]
[PlyCount "113"]
[EventDate "1999.01.23"]

1. e4 e6 2. d3 d5 3. Qe2 dxe4 4. dxe4 e5 5. Nc3 Nc6 6. Bd2 Nf6 7. h3 Nd4 8. Qd3
c5 9. Bg5 Be7 10. Bxf6 Bxf6 11. Nd5 Be6 12. Nxf6+ Qxf6 13. c3 Nc6 14. Nf3 O-O
15. Qe3 b6 16. Bb5 Ne7 17. Qg5 Ng6 18. h4 Rad8 19. Qxf6 gxf6 20. g3 Rd6 21. Nd2
Ne7 22. O-O-O a6 23. Bxa6 Ra8 24. Bb5 Rxa2 25. Nc4 Ra1+ 26. Kc2 Raxd1 27. Rxd1
Rxd1 28. Kxd1 Nc8 29. Ba6 Kf8 30. f4 Ke7 31. f5 Bxc4 32. Bxc4 Nd6 33. Bd5 Kf8
34. Kc2 Kg7 35. Kd3 Kh6 36. g4 Kg7 37. b4 Kf8 38. bxc5 bxc5 39. c4 Ke7 40. Kc3
Kf8 41. Kb3 Ke7 42. Ka4 h6 43. Ka5 Nc8 44. Ka6 Kd6 45. Ka5 Ne7 46. Kb5 Nc8 47.
Bb7 Ne7 48. Kb6 Ng8 49. Ba8 Ne7 50. Bb7 Ng8 51. Bc6 Ne7 52. Be8 Nc8+ 53. Kb7
Ne7 54. Kb8 Ng8 55. Bxf7 Ne7 56. Be8 Ng8 57. Kc8 1-0

[Event "4NCL-9899B WG2-BR2"]
[Site "Rd5-Birmingham"]
[Date "1999.01.23"]
[Round "5.2"]
[White "Buckley, Simon"]
[Black "Norris, Alan"]
[Result "1/2-1/2"]
[WhiteElo "2120"]
[BlackElo "2332"]
[PlyCount "77"]
[EventDate "1999.01.23"]

1. e4 c5 2. Nc3 Nc6 3. g3 g6 4. Bg2 Bg7 5. d3 d6 6. Be3 Nf6 7. h3 O-O 8. f4 Rb8
9. Nge2 Bd7 10. O-O b5 11. Qd2 b4 12. Nd1 Ne8 13. f5 a5 14. Bh6 a4 15. Bxg7
Kxg7 16. Ne3 Ne5 17. g4 g5 18. f6+ Nxf6 19. Nd5 Nxd5 20. Qxg5+ Ng6 21. exd5 e5
22. Qe3 f5 23. gxf5 Rxf5 24. Rxf5 Bxf5 25. Rf1 Nh4 26. Ng3 Bg6 27. Be4 Qe7 28.
Bxg6 hxg6 29. Qe4 a3 30. b3 Rf8 31. Rxf8 Kxf8 32. Qg4 Qg5 33. Qxg5 Nf3+ 34. Kg2
Nxg5 35. Ne4 Nxe4 36. dxe4 g5 37. Kg3 Kg7 38. Kg4 Kg6 39. h4 1/2-1/2

[Event "4NCL-9899B WG2-BR2"]
[Site "Rd5-Birmingham"]
[Date "1999.01.23"]
[Round "5.3"]
[White "Tiller, Bjorn"]
[Black "Easton, Alex"]
[Result "1-0"]
[WhiteElo "2380"]
[BlackElo "2104"]
[PlyCount "55"]
[EventDate "1999.01.23"]

1. e4 e6 2. d3 d5 3. Nd2 Nf6 4. f4 b6 5. e5 Nfd7 6. Ngf3 c5 7. g3 Nc6 8. c4 d4
9. Bg2 Bb7 10. O-O Be7 11. a3 h6 12. Qe2 Qc7 13. Ne4 O-O-O 14. b4 Rde8 15. Bd2
f5 16. exf6 gxf6 17. b5 Nd8 18. a4 f5 19. Nf2 Bf6 20. a5 e5 21. a6 Ba8 22. Nxe5
Bxg2 23. Kxg2 Nxe5 24. fxe5 Rxe5 25. Qh5 Ne6 26. Rae1 Ng7 27. Qf3 Bg5 28. Bxg5
1-0

[Event "4NCL-9899B WG2-BR2"]
[Site "Rd5-Birmingham"]
[Date "1999.01.23"]
[Round "5.4"]
[White "Hodge, David"]
[Black "Lee, Graham"]
[Result "0-1"]
[WhiteElo "2120"]
[BlackElo "2319"]
[PlyCount "104"]
[EventDate "1999.01.23"]

1. e4 c6 2. d4 d5 3. e5 Bf5 4. Ne2 e6 5. Ng3 Bg6 6. h4 h6 7. h5 Bh7 8. Bd3 Bxd3
9. Qxd3 c5 10. Be3 Nc6 11. O-O cxd4 12. Bxd4 Nxd4 13. Qxd4 Ne7 14. Nd2 Nc6 15.
Qe3 Qc7 16. Nf3 Be7 17. Ne2 O-O 18. c3 Bg5 19. Nxg5 hxg5 20. Nd4 Qxe5 21. Nxc6
Qxe3 22. Ne7+ Kh7 23. fxe3 Rae8 24. Nxd5 exd5 25. Rad1 Re5 26. e4 dxe4 27. Rd7
f5 28. Rfd1 f4 29. R1d6 Ref5 30. Rg6 R8f7 31. Rxf7 Rxf7 32. Rxg5 e3 33. Kf1 Rd7
34. Rf5 Rd1+ 35. Ke2 Rd2+ 36. Ke1 Rf2 37. c4 g6 38. Rf7+ Kh6 39. hxg6 Kxg6 40.
Rf8 Kg5 41. b4 Rxa2 42. c5 a6 43. Rf7 Kg4 44. Kf1 Rf2+ 45. Kg1 Rb2 46. Rg7+ Kh5
47. Re7 Rxb4 48. g3 Kg4 49. gxf4 Kf3 50. f5 e2 51. f6 Rg4+ 52. Kh2 Kf2 0-1

[Event "4NCL-9899B WG2-BR2"]
[Site "Rd5-Birmingham"]
[Date "1999.01.23"]
[Round "5.5"]
[White "Henderson, John"]
[Black "Dilleigh, Stephen"]
[Result "1-0"]
[WhiteElo "2170"]
[BlackElo "2055"]
[PlyCount "73"]
[EventDate "1999.01.23"]

1. d4 Nf6 2. Nf3 g6 3. Bf4 Bg7 4. e3 O-O 5. Be2 d6 6. c4 Nbd7 7. Nc3 c6 8. O-O
Qe8 9. h3 e5 10. Bh2 Qe7 11. b4 e4 12. Nd2 Re8 13. Qb3 Nf8 14. b5 c5 15. dxc5
dxc5 16. Rad1 Bf5 17. g4 Bc8 18. Bg3 g5 19. Nd5 Nxd5 20. cxd5 h5 21. Rc1 hxg4
22. hxg4 b6 23. d6 Qf6 24. Nxe4 Qg6 25. f3 Be6 26. Bc4 Nd7 27. Bxe6 Rxe6 28.
Qd5 Rd8 29. Qb7 Ne5 30. Qc7 Ree8 31. Qxa7 f5 32. gxf5 Qxf5 33. Bxe5 Bxe5 34.
Qxb6 Qh3 35. Rc2 Rd7 36. Qc6 Kg7 37. Nxg5 1-0

[Event "4NCL-9899B WG2-BR2"]
[Site "Rd5-Birmingham"]
[Date "1999.01.23"]
[Round "5.6"]
[White "Grossett, Duncan"]
[Black "Wastney, Scott"]
[Result "0-1"]
[WhiteElo "2048"]
[BlackElo "2155"]
[PlyCount "98"]
[EventDate "1999.01.23"]

1. e4 c5 2. Nf3 e6 3. d4 cxd4 4. Nxd4 Nf6 5. Nc3 Nc6 6. g3 Bb4 7. Bg2 d5 8.
exd5 Nxd5 9. Nxc6 bxc6 10. O-O O-O 11. Nxd5 cxd5 12. a3 Be7 13. Be3 Ba6 14. Re1
Bf6 15. Bd4 Rc8 16. c3 Bxd4 17. Qxd4 Qc7 18. Rad1 Rb8 19. b4 Rfc8 20. Re3 Bb5
21. Ra1 Qd7 22. h4 Rb6 23. Bh3 Rd6 24. Rae1 Rc4 25. Qe5 d4 26. cxd4 Rcxd4 27.
Rc3 h6 28. Rec1 Rd1+ 29. Kh2 Rxc1 30. Rxc1 Rd2 31. Qf4 a6 32. Bg2 e5 33. Qe3
Qd4 34. Rc8+ Kh7 35. Qxd4 exd4 36. Be4+ g6 37. Kg2 Kg7 38. Rc2 Rxc2 39. Bxc2
Kf6 40. Kf3 Ke5 41. Bb3 f5 42. a4 Bd3 43. Bd1 g5 44. hxg5 hxg5 45. g4 f4 46.
Bb3 Bf1 47. Bd1 Bc4 48. a5 d3 49. Ba4 Bd5# 0-1

[Event "4NCL-9899B WG2-BR2"]
[Site "Rd5-Birmingham"]
[Date "1999.01.23"]
[Round "5.7"]
[White "Tan, Desmond"]
[Black "Hanley, Craig"]
[Result "1/2-1/2"]
[WhiteElo "2165"]
[BlackElo "2110"]
[PlyCount "58"]
[EventDate "1999.01.23"]

1. e4 e6 2. d4 d5 3. Nc3 Nf6 4. Bg5 Be7 5. e5 Nfd7 6. Bxe7 Qxe7 7. f4 O-O 8.
Nf3 c5 9. Qd2 Nc6 10. dxc5 Qxc5 11. O-O-O Rb8 12. Nb5 a6 13. Nbd4 b5 14. h4 Nb6
15. h5 Nc4 16. Qe1 Bd7 17. h6 g6 18. Nxc6 Bxc6 19. Nd4 Bd7 20. g4 Rfe8 21. Rh2
a5 22. Kb1 a4 23. Kc1 Qe7 24. Bxc4 bxc4 25. a3 Rb6 26. Qc3 Reb8 27. Kb1 Qc5 28.
Rh3 Qc7 29. Ka1 Qb7 1/2-1/2

[Event "4NCL-9899B WG2-BR2"]
[Site "Rd5-Birmingham"]
[Date "1999.01.23"]
[Round "5.8"]
[White "Tidman, Sophie"]
[Black "Lazhevskaya, Zhanna"]
[Result "0-1"]
[WhiteElo "1752"]
[BlackElo "2046"]
[PlyCount "80"]
[EventDate "1999.01.23"]

1. e4 e5 2. Nf3 Nc6 3. d4 exd4 4. Nxd4 Nf6 5. Nc3 Bb4 6. Nxc6 bxc6 7. Bd3 O-O
8. O-O d5 9. e5 Ng4 10. Bf4 Re8 11. h3 Nxe5 12. Bxh7+ Kxh7 13. Qh5+ Kg8 14.
Bxe5 Re6 15. a3 Rh6 16. Qf3 Bd6 17. Rfe1 Be6 18. Rad1 Bxe5 19. Rxe5 Qh4 20.
Rde1 Rf6 21. Qe2 Rg6 22. Rh5 Qf6 23. Qe5 Qxe5 24. Rexe5 Rf6 25. Na4 Rb8 26. b3
g6 27. Rhg5 Bf5 28. Re2 Re6 29. Rd2 Re1+ 30. Kh2 Rc1 31. Rg3 Rxc2 32. Rxc2 Bxc2
33. Nc5 d4 34. b4 a5 35. bxa5 Rb5 36. Nd3 Rxa5 37. Nb4 Ba4 38. Rd3 c5 39. Nd5
c6 40. Nf4 Bb5 0-1

[Event "4NCL-9899B WIT-KH"]
[Site "Rd5-Birmingham"]
[Date "1999.01.23"]
[Round "5.1"]
[White "Hunt, Adam"]
[Black "Thomas, Richard H"]
[Result "1/2-1/2"]
[WhiteElo "2297"]
[BlackElo "2295"]
[PlyCount "136"]
[EventDate "1999.01.23"]

1. e4 Nc6 2. Nf3 e5 3. Bb5 a6 4. Ba4 Nf6 5. O-O Be7 6. Re1 b5 7. Bb3 O-O 8. h3
d6 9. c3 Bb7 10. d4 h6 11. Nbd2 Re8 12. Nf1 Bf8 13. Ng3 g6 14. Bc2 Bg7 15. a4
exd4 16. cxd4 Nb4 17. Bb1 c5 18. Bd2 bxa4 19. Bxb4 cxb4 20. Qxa4 a5 21. Bd3 Nd7
22. Rac1 Nb6 23. Qb3 Rc8 24. Rxc8 Qxc8 25. Nf1 Qc7 26. N1d2 Kf8 27. Ra1 Ra8 28.
Bb5 Bc8 29. Nc4 Nxc4 30. Bxc4 Ba6 31. Bxa6 Rxa6 32. Qd5 Bf6 33. e5 dxe5 34.
dxe5 Be7 35. Qb5 Ra8 36. e6 fxe6 37. Qe2 Bf6 38. Qe4 Rd8 39. Qxg6 Qg7 40. Qc2
Rd5 41. Qc8+ Kf7 42. Rxa5 Rxa5 43. Qc7+ Be7 44. Qxa5 Qxb2 45. Ne5+ Kf6 46. Ng4+
Kg6 47. Ne5+ Kf6 48. Ng4+ Kg6 49. Qc7 Bf6 50. Qg3 Qc1+ 51. Kh2 Qc3 52. Qf4 Bg7
53. Qe4+ {(Draw offer)} Kf7 54. Qb7+ Ke8 55. Qb8+ Kd7 56. Qb5+ Kc7 57. Qa5+ Kc6
58. Qa6+ Kc5 59. Qc8+ Kd4 60. Qd7+ Kc5 61. Qc8+ Kb5 62. Qd7+ Kb6 63. Qxe6+ Kb7
64. Qd5+ Qc6 65. Qb3 Qc3 66. Qd5+ Kc7 67. Qa5+ Kd6 68. Qd8+ Kc5 1/2-1/2

[Event "4NCL-9899B WIT-KH"]
[Site "Rd5-Birmingham"]
[Date "1999.01.23"]
[Round "5.2"]
[White "McMichael, Rick"]
[Black "Devereaux, Maxim"]
[Result "0-1"]
[WhiteElo "2255"]
[BlackElo "2220"]
[PlyCount "90"]
[EventDate "1999.01.23"]

1. b3 e5 2. Bb2 d6 3. e3 Nf6 4. c4 g6 5. Nf3 Bg7 6. d4 exd4 7. Nxd4 Bd7 8. Be2
O-O 9. Nc3 Nc6 10. O-O Nxd4 11. Qxd4 Bc6 12. Nd5 Ne8 13. Qd2 Bxb2 14. Qxb2 f5 {
(Draw offer)} 15. Rad1 Nf6 16. Nb4 a5 17. Nxc6 bxc6 18. Bf3 Ra6 19. Rfe1 Qe7
20. Qd4 c5 21. Bd5+ Nxd5 22. Qxd5+ Qf7 23. Qb7 Raa8 24. Qc6 a4 25. bxa4 Ra7 26.
h4 Qe8 27. Qf3 Qe4 28. Qg3 Rxa4 29. f3 Qxc4 30. e4 f4 31. Qg5 Qe6 32. h5 Rxa2
33. Rd5 c6 34. Rdd1 c4 35. Rb1 Ra7 36. Rb6 d5 37. hxg6 hxg6 38. Rd1 c3 39. Rc1
dxe4 40. Rxc3 exf3 41. Rxf3 Qe1+ 42. Kh2 Rh7+ 43. Rh3 Rxh3+ 44. gxh3 Qe2+ 45.
Qg2 f3 0-1

[Event "4NCL-9899B WIT-KH"]
[Site "Rd5-Birmingham"]
[Date "1999.01.23"]
[Round "5.3"]
[White "Headlong, Tim"]
[Black "O'Shaughnessy, Conor"]
[Result "1/2-1/2"]
[WhiteElo "2270"]
[BlackElo "2190"]
[PlyCount "44"]
[EventDate "1999.01.23"]

1. Nf3 Nf6 2. c4 c5 3. Nc3 g6 4. d4 cxd4 5. Nxd4 Bg7 6. e4 d6 7. Be2 a6 8. Be3
O-O 9. O-O b6 10. f3 Bb7 11. Qd2 Nbd7 12. Rac1 Re8 13. Rfd1 Rc8 14. b3 e6 15.
Bf1 Qc7 16. Kh1 Qb8 17. Rc2 Bf8 18. Rdc1 Ne5 19. Bg5 Nfd7 20. Bh6 Be7 21. Bg5
Bf8 22. Bh6 Be7 1/2-1/2